| 000 | 01658cam a22003611i 4500 | ||
|---|---|---|---|
| 003 | SA-RiAUC | ||
| 005 | 20251020074534.0 | ||
| 008 | 251014s1985 su g b 00110dara c | ||
| 040 |
_aSA-JeALM _bara _cSA-RiAUC _erda |
||
| 082 | 0 | 4 |
_a236.4 _qSA-RiAUC |
| 090 |
_a236.4 _bا م ا |
||
| 100 | 1 |
_aالإمام مالك، مالك بن أنس بن مالك، _d93-179 هجري _eمؤلف. |
|
| 240 | 1 | 2 | _aالموطأ |
| 245 | 1 | 0 |
_aموطأ الإمام مالك بن أنس / _cرواية ابن القاسم ؛ تلخيص القابسي ؛ تحقيق محمد بن علوي بن عباس المالكي. |
| 250 | _aالطبعة الأولى. | ||
| 264 | 1 |
_aجدة، السعودية : _bدار الشروق، _c1985 |
|
| 300 |
_a591 صفحة ؛ _c25 سم. |
||
| 336 |
_aنص _btxt _2rdacontent _3كتاب |
||
| 337 |
_aبدون وسيط _bn _2rdamedia |
||
| 338 |
_aمجلد _bnc _2rdacarrier |
||
| 490 | 0 |
_aذخائر التراث الإسلامي ؛ _v3 |
|
| 500 | _aيشتمل على كشافات. | ||
| 504 | _aيشتمل على إرجاعات ببليوجرافية. | ||
| 650 | 7 |
_aالحديث _xمسند ابن مالك _2aucsh |
|
| 650 | 7 |
_aالحديث _xالمسانيد _2aucsh |
|
| 650 | 7 |
_aالفقه المالكي _2aucsh |
|
| 700 | 1 |
_aابن القاسم، عبد الرحمن، _d132-191 هجري _eراوي. |
|
| 700 | 1 |
_aابن القابسي، علي بن محمد بن خلف، _d324-403 هجري _eملخص. |
|
| 700 | 1 |
_aالحسني، محمد بن علوي المالكي، _d1367-1425 هجري _eمحقق. |
|
| 942 |
_2ddc _cBOOK _n0 |
||
| 949 |
_aSA-JeALM _d251014 _umohamedma123 _n1 |
||
| 999 |
_c12646 _d12646 |
||